LEADER 03260nas 2200853- 450 001 9910137842503321 005 20241204171006.0 011 $a1989-8983 035 $a(OCoLC)301016492 035 $a(CKB)110978977119094 035 $a(CONSER)--2022237914 035 $a(DE-599)ZDB2581374-2 035 $a(MiAaPQ)2046215 035 $a(EXLCZ)99110978977119094 100 $a20090201a19589999 -a- b 101 0 $aspa 135 $aurunu---uuaua 181 $ctxt$2rdacontent 182 $cc$2rdamedia 183 $acr$2rdacarrier 200 00$aDocumentación administrativa 210 1$aMadrid :$cS.G.T. de la Presidencia del Gobierno,$d[1958]- 210 21$aMadrid :$cCentro de Formación y Perfeccionamiento de Funcionarios. 210 21$aMadrid :$cEscuela Nacional de Administración Pública. 210 21$aMadrid :$cSecretaria General Técnica, Presidencia del Gobierno. 210 31$aMadrid :$cInstituto Nacional de Administración Pública. 215 $a1 online resource (volumes) $cillustrations 300 $aPublisher varies slightly. Includes Centro de Formación y Perfeccionamiento de Funcionarios (1962-1967) and the Escuela Nacional de Administración Pública (1968-1974). 300 $a"Boletín mensual de lat S.G.T del la Presidencia del Govierno"--February 1958. 311 08$a0012-4494 517 1 $aDA 531 0 $aDoc. adm. 606 $aPublic administration$vPeriodicals 606 $aCivil service$zSpain$vPeriodicals 606 $aCivil service$vPeriodicals 606 $aAdministration publique (Science)$vPériodiques 606 $aAdministration publique$2eclas 606 $aAspects juridiques$2eclas 606 $aFonction publique$2eclas 606 $aPublications périodiques$2eclas 606 $aCivil service$2fast$3(OCoLC)fst00862730 606 $aPolitics and government$2fast$3(OCoLC)fst01919741 606 $aPublic administration$2fast$3(OCoLC)fst01081976 606 $aÖffentliche Verwaltung$2stw 606 $aÖffentlicher Sektor$2stw 606 $aSpanien$2stw 607 $aSpain$xPolitics and government$vPeriodicals 607 $aEspagne$xPolitique et gouvernement$y20e siècle$vPériodiques 607 $aEspagne$2eclas 607 $aSpain$2fast 608 $aPeriodicals.$2fast 615 0$aPublic administration 615 0$aCivil service 615 0$aCivil service 615 6$aAdministration publique (Science) 615 7$aAdministration publique. 615 7$aAspects juridiques. 615 7$aFonction publique. 615 7$aPublications périodiques. 615 7$aCivil service. 615 7$aPolitics and government 615 7$aPublic administration. 615 7$aÖffentliche Verwaltung. 615 7$aÖffentlicher Sektor. 615 7$aSpanien. 676 $a[E] 712 02$aSpain.$bPresidencia del Gobierno.$bSecretaría General Técnica, 712 02$aCentro de Formación y Perfeccionamiento de Funcionarios (Spain), 712 02$aEscuela Nacional de Administración Pública (Spain), 712 02$aInstituto Nacional de Administración Pública (Spain), 906 $aJOURNAL 912 $a9910137842503321 996 $aDocumentación administrativa$92216273 997 $aUNINA LEADER 05499nam 2200697 a 450 001 9911006569003321 005 20251030205701.0 010 $a1-283-33156-X 010 $a9786613331564 010 $a1-4377-4464-8 035 $a(CKB)2550000000060454 035 $a(EBL)802399 035 $a(OCoLC)763157841 035 $a(SSID)ssj0000564369 035 $a(PQKBManifestationID)12200724 035 $a(PQKBTitleCode)TC0000564369 035 $a(PQKBWorkID)10576482 035 $a(PQKB)10639752 035 $a(MiAaPQ)EBC802399 035 $a(PPN)158436229 035 $a(EXLCZ)992550000000060454 100 $a20111228d2012 uy 0 101 0 $aeng 135 $aur|n|---||||| 181 $ctxt 182 $cc 183 $acr 200 00$aPEEK biomaterials handbook /$fedited by Steven M. Kurtz 205 $a1st ed. 210 $aAmsterdam $cElsevier/William Andrew$d2012 215 $a1 online resource (309 p.) 225 0 $aPlastics design library 300 $aTwo columns to the page. 311 08$a1-4377-4463-X 320 $aIncludes bibliographical references and index. 327 $aFront Cover; Dedication; Series page; Peek Biomaterials Handbook; Copyright; Contents; Foreword; List of Contributors; Chapter 1 - An Overview of PEEK Biomaterials; 1.1 - Introduction; 1.2 - What Is a Polymer?; 1.3 - What Is PEEK?; 1.4 - Crystallinity and PEEK; 1.5 - Thermal Transitions; 1.6 - PEEK Composites; 1.7 - Overview of This Handbook; References; Chapter 2 - Synthesis and Processing of PEEK for Surgical Implants; 2.1 - Introduction; 2.2 - Synthesis of PAEKs; 2.3 - Nomenclature; 2.4 - Quality Systems for Medical Grade Resin Production; 2.5 - Processing of Medical Grade PEEK 327 $a2.6 - Machining2.7 - Summary; Acknowledgments; References; Chapter 3 - Compounds and Composite Materials; 3.1 - Introduction; 3.2 - What Is a Composite Material?; 3.3 - Additive Geometry, Volume, and Orientation Effects; 3.4 - Preparation of Materials; 3.5 - Processing to Make Parts; 3.6 - Biocompatibility of CFR PEEK; 3.7 - Summary and Conclusions; References; Chapter 4 - Morphology and Crystalline Architecture of Polyaryletherketones; 4.1 - Introduction; 4.2 - Chain Architecture and Packing; 4.3 - Crystallization Behavior; 4.4 - Characterization Techniques 327 $a4.5 - Structure Processing-Property Relationships4.6 - Summary and Conclusions; Acknowledgment; References; Chapter 5 - Fracture, Fatigue, and Notch Behavior of PEEK; 5.1 - Introduction; 5.2 - Fracture and Fatigue of Materials; 5.3 - PEEK Fracture Studies; 5.4 - PEEK Notch Studies; 5.5 - Summary; Acknowledgments; References; Chapter 6 - Chemical and Radiation Stability of PEEK; 6.1 - Introduction to Chemical Stability; 6.2 - Water Solubility; 6.3 - Thermal Stability; 6.4 - Steam Sterilization of PEEK; 6.5 - Radiation Stability: Implications for Gamma Sterilization and Postirradiation Aging 327 $a6.6 - SummaryReferences; Chapter 7 - Biocompatibility of Polyaryletheretherketone Polymers; 7.1 - Introduction; 7.2 - Cell Culture and Toxicity Studies; 7.3 - Mutagenesis (Genotoxicity); 7.4 - Immunogenesis; 7.5 - Soft Tissue Response; 7.6 - Osteocompatibility of PEEK Devices; 7.7 - Biocompatibility of PEEK Particulate-X-STOPTM PEEK Explant Studies; 7.8 - Summary and Conclusions; References; Chapter 8 - Bacterial Interactions with Polyaryletheretherketone; 8.1 - Introduction; 8.2 - Bacterial Adhesion to Biomaterials; 8.3 - The Role of Surface Topography and Chemistry in Bacterial Adhesion 327 $a8.4 - Strategies to Reduce Bacterial Adhesion to PEEK8.5 - Summary and Perspectives; References; Chapter 9 - Thermal Plasma Spray Deposition of Titanium and Hydroxyapatite on Polyaryletheretherketone Implants; 9.1 - Introduction; 9.2 - Coating Technology; 9.3 - Biomedical Plasma-Sprayed Coatings; 9.4 - Coating Analysis Methods; 9.5 - Substrate Analysis Method; 9.6 - Plasma-Sprayed Coatings on PEEK-Based Substrates; 9.7 - Plasma-Sprayed Osteointegrative Surfaces for PEEK: The Eurocoating Experience; 9.8 - Summary and Conclusions; References 327 $aChapter 10 - Surface Modification Techniques of Polyetheretherketone, Including Plasma Surface Treatment 330 $aPEEK biomaterials are currently used in thousands of spinal fusion patients around the world every year. Durability, biocompatibility and excellent resistance to aggressive sterilization procedures make PEEK a polymer of choice, replacing metal in orthopedic implants, from spinal implants and hip replacements to finger joints and dental implants. This Handbook brings together experts in many different facets related to PEEK clinical performance as well as in the areas of materials science, tribology, and biology to provide a complete reference for specialists in the field of plastics 410 0$aPlastics Design Library 606 $aPolyarylethers$xTherapeutic use 606 $aPolymers in medicine 606 $aOrthopedic implants$xTechnological innovations 615 0$aPolyarylethers$xTherapeutic use. 615 0$aPolymers in medicine. 615 0$aOrthopedic implants$xTechnological innovations. 676 $a610.284 676 $a668.4 676 $a668.423 701 $aKurtz$b Steven M.$f1968-$0627359 712 02$aPlastics Design Library. 801 0$bMiAaPQ 801 1$bMiAaPQ 801 2$bMiAaPQ 906 $aBOOK 912 $a9911006569003321 996 $aPEEK biomaterials handbook$94393073 997 $aUNINA LEADER 03455nam 22006495 450 001 9910595044703321 005 20251113180403.0 010 $a9783031122217$b(electronic bk.) 010 $z9783031122200 024 7 $a10.1007/978-3-031-12221-7 035 $a(MiAaPQ)EBC7087936 035 $a(Au-PeEL)EBL7087936 035 $a(CKB)24837142300041 035 $a(PPN)26495260X 035 $a(OCoLC)1344491284 035 $a(DE-He213)978-3-031-12221-7 035 $a(EXLCZ)9924837142300041 100 $a20220913d2022 u| 0 101 0 $aeng 135 $aurcnu|||||||| 181 $ctxt$2rdacontent 182 $cc$2rdamedia 183 $acr$2rdacarrier 200 10$aNon-equilibrium Thermodynamics /$fby Andrea Di Vita 205 $a1st ed. 2022. 210 1$aCham :$cSpringer International Publishing :$cImprint: Springer,$d2022. 215 $a1 online resource (239 pages) 225 1 $aLecture Notes in Physics,$x1616-6361 ;$v1007 311 08$aPrint version: Di Vita, Andrea Non-Equilibrium Thermodynamics Cham : Springer International Publishing AG,c2022 9783031122200 327 $aLooking for the Holy Grail? -- Thermodynamic equilibrium -- Local thermodynamic equilibrium -- Linear non-equilibrium thermodynamics -- Beyond linear non-equilibrium thermodynamics. 330 $aThe importance of thermodynamics, particularly its Second Principle, to all branches of science in which systems with very large numbers of particles are involved cannot be overstated. This book offers a panoramic view of non-equilibrium thermodynamics. Perhaps the two most attractive aspects of thermodynamic equilibrium are its stability and its independence from the specifics of the particular system involved. Does an equivalent exist for non-equilibrium thermodynamics? Many researchers have tried to describe such stability in the same way that the Second Principle describes the stability of thermodynamic equilibrium - and failed. Most of them invoked either entropy, or its production rate, or some modified version of it. In their efforts, however, those researchers have found a lot of useful stability criteria for far-from-equilibrium states. These criteria usually take the form of variational principles, in terms of the minimization or maximization of some quantity. The aimof this book is to discuss these variational principles by highlighting the role of macroscopic quantities. This book is aimed at a wider audience than those most often exposed to the criteria described, i.e., undergraduates in STEM, as well as the usual interested and invested professionals. 410 0$aLecture Notes in Physics,$x1616-6361 ;$v1007 606 $aPhysics 606 $aThermodynamics 606 $aSystem theory 606 $aStatistical physics 606 $aClassical and Continuum Physics 606 $aThermodynamics 606 $aComplex Systems 606 $aStatistical Physics 615 0$aPhysics. 615 0$aThermodynamics. 615 0$aSystem theory. 615 0$aStatistical physics. 615 14$aClassical and Continuum Physics. 615 24$aThermodynamics. 615 24$aComplex Systems. 615 24$aStatistical Physics. 676 $a536.7 676 $a536.7 700 $aDi Vita$b Andrea$01258331 801 0$bMiAaPQ 801 1$bMiAaPQ 801 2$bMiAaPQ 912 $a9910595044703321 996 $aNon-Equilibrium Thermodynamics$92916017 997 $aUNINA